| 000 | 00473nam a2200145 a 4500 | ||
|---|---|---|---|
| 001 | 000024407 | ||
| 005 | 20200930022959.0 | ||
| 008 | 110127s1984 dr 001 0 spa d | ||
| 040 |
_aDO-SdBNP _bspa _cBNPHU |
||
| 100 | 1 |
_aPepén S., Juan F. _950037 |
|
| 245 | 1 | 0 |
_aSemillas en el surco / _cJuan F. Pepén S. |
| 260 |
_aSan Pedro de Macorís, República Dominicana : _bUniversidad Central del Este, _c[1984]. _fEditora de Colores |
||
| 300 |
_a400 P. ; _c24 cm. |
||
| 049 | _aBNPD | ||
| 999 |
_c23900 _d23900 |
||